[Event "DEM U18w 2024"]
[Site "Willingen GER"]
[Date "2024.05.21"]
[Round "4"]
[White "Nguyen, Jenny Ha-Linh"]
[Black "Fischer, Darja"]
[Result "1/2-1/2"]
[Termination "normal"]
[Board "7"]
[WhiteElo "1787"]
[BlackElo "1843"]
[WhiteClock "00:17:43"]
[BlackClock "00:20:55"]
[PlyCount "48"]
[WhiteFideId "16209729"]
[BlackFideId "16240898"]
[EventCountry "GER"]
[EventRounds "9"]
[EventType "swiss"]
[EventDate "2024.05.18"]

1. e4 {[%clk 01:30:57]} {[%emt 00:00:03]} c5 {[%clk 01:30:58]} {[%emt
00:00:02]} 2. c3 {[%clk 01:31:20]} {[%emt 00:00:07]} d5 {[%clk 01:31:25]}
{[%emt 00:00:03]} 3. exd5 {[%clk 01:31:42]} {[%emt 00:00:09]} Qxd5 {[%clk
01:31:51]} {[%emt 00:00:04]} 4. d4 {[%clk 01:32:03]} {[%emt 00:00:09]} Nf6
{[%clk 01:32:15]} {[%emt 00:00:06]} 5. Nf3 {[%clk 01:32:02]} {[%emt 00:00:29]}
Nc6 {[%clk 01:32:39]} {[%emt 00:00:06]} 6. Be3 {[%clk 01:31:08]} {[%emt
00:01:25]} cxd4 {[%clk 01:33:05]} {[%emt 00:00:05]} 7. cxd4 {[%clk 01:31:33]}
{[%emt 00:00:05]} e6 {[%clk 01:33:29]} {[%emt 00:00:06]} 8. Nc3 {[%clk
01:31:55]} {[%emt 00:00:07]} Qd6 {[%clk 01:33:53]} {[%emt 00:00:06]} 9. a3
{[%clk 01:31:09]} {[%emt 00:01:16]} Be7 {[%clk 01:34:17]} {[%emt 00:00:06]} 10.
Bd3 {[%clk 01:31:25]} {[%emt 00:00:14]} b6 {[%clk 01:33:36]} {[%emt 00:01:12]}
11. Qc2 {[%clk 01:25:58]} {[%emt 00:05:57]} Bb7 {[%clk 01:32:38]} {[%emt
00:01:28]} 12. O-O {[%clk 01:25:50]} {[%emt 00:00:36]} O-O {[%clk 01:30:26]}
{[%emt 00:02:43]} 13. Rad1 {[%clk 01:20:51]} g6 {[%clk 01:20:36]} {[%emt
00:15:50]} 14. Rfe1 {[%clk 01:14:34]} Rfe8 {[%clk 01:14:55]} {[%emt 00:12:57]}
15. Bg5 {[%clk 01:09:03]} Nd5 {[%clk 00:59:59]} {[%emt 00:26:19]} 16. Ne4
{[%clk 00:52:44]} Qd8 {[%clk 00:57:44]} {[%emt 00:14:43]} 17. Bxe7 {[%clk
00:44:33]} Ncxe7 {[%clk 00:57:44]} 18. Bb5 {[%clk 00:44:33]} Rf8 {[%clk
00:57:44]} 19. Qe2 {[%clk 00:44:33]} a6 {[%clk 00:57:44]} 20. Ba4 {[%clk
00:44:33]} Nf4 {[%clk 00:44:21]} {[%emt 00:35:04]} 21. Qd2 {[%clk 00:32:34]}
Nfd5 {[%clk 00:41:10]} {[%emt 00:06:39]} 22. Qe2 {[%clk 00:26:42]} Nf5 {[%clk
00:37:58]} {[%emt 00:10:03]} 23. Ne5 {[%clk 00:21:42]} b5 {[%clk 00:32:23]}
{[%emt 00:11:35]} 24. Bb3 {[%clk 00:17:43]} Qe7 {[%clk 00:20:55]} {[%emt
00:16:27]} 25. Qg4 Rfe8 26. Nc5 Nf6 27. Qf4 Bd5 28. Bxd5 Nxd5 29. Qe4 Rec8 30.
Nb3 Rc7 31. Rc1 Rac8 32. Rc5 Nd6 33. Qc2 Nb7 34. Rxc7 Qxc7 35. Qxc7 Rxc7 36.
Rc1 Rxc1+ 37. Nxc1 f6 38. Ned3 Kf7 39. f3 Ke7 40. Kf2 Kd6 41. Nb3 Nc7 42. Ke3
Nd5+ 43. Kd2 Nb6 1/2-1/2

[Event "DEM U18w 2024"]
[Site "Willingen GER"]
[Date "2024.05.21"]
[Round "4"]
[White "Luzgina, Anastasiia"]
[Black "Wagner, Margarethe"]
[Result "0-1"]
[Termination "normal"]
[Board "8"]
[WhiteElo "1665"]
[BlackElo "2009"]
[WhiteClock "00:45:23"]
[BlackClock "00:02:13"]
[PlyCount "130"]
[WhiteFideId "24280860"]
[BlackFideId "16236947"]
[EventCountry "GER"]
[EventRounds "9"]
[EventType "swiss"]
[EventDate "2024.05.18"]

1. e4 {[%clk 01:30:57]} {[%emt 00:00:03]} c5 {[%clk 01:30:53]} {[%emt
00:00:07]} 2. Nc3 {[%clk 01:31:18]} {[%emt 00:00:09]} d6 {[%clk 01:30:59]}
{[%emt 00:00:24]} 3. g3 {[%clk 01:31:37]} {[%emt 00:00:11]} Nc6 {[%clk
01:29:50]} {[%emt 00:01:39]} 4. Bg2 {[%clk 01:31:57]} {[%emt 00:00:09]} g6
{[%clk 01:29:08]} {[%emt 00:01:13]} 5. f4 {[%clk 01:32:17]} {[%emt 00:00:10]}
Bg7 {[%clk 01:28:38]} {[%emt 00:01:00]} 6. Nf3 {[%clk 01:32:16]} {[%emt
00:00:30]} e6 {[%clk 01:27:52]} {[%emt 00:01:18]} 7. O-O {[%clk 01:32:34]}
{[%emt 00:00:12]} Nge7 {[%clk 01:28:06]} {[%emt 00:00:16]} 8. d3 {[%clk
01:32:57]} {[%emt 00:00:07]} O-O {[%clk 01:26:42]} {[%emt 00:01:52]} 9. Be3
{[%clk 01:32:25]} {[%emt 00:01:03]} Nd4 {[%clk 01:23:10]} {[%emt 00:04:03]} 10.
Qd2 {[%clk 01:31:37]} {[%emt 00:01:16]} a6 {[%clk 01:10:11]} {[%emt 00:13:31]}
11. Rae1 {[%clk 01:30:41]} {[%emt 00:01:24]} Rb8 {[%clk 01:07:00]} {[%emt
00:03:42]} 12. Nd1 {[%clk 01:28:10]} {[%emt 00:03:00]} b6 {[%clk 00:58:34]}
{[%emt 00:08:58]} 13. c3 {[%clk 01:28:03]} {[%emt 00:00:35]} Nxf3+ {[%clk
00:58:53]} {[%emt 00:00:12]} 14. Bxf3 {[%clk 01:27:44]} {[%emt 00:00:49]} d5
{[%clk 00:52:25]} {[%emt 00:06:59]} 15. exd5 {[%clk 01:26:23]} {[%emt
00:01:50]} exd5 {[%clk 00:51:09]} {[%emt 00:01:47]} 16. d4 {[%clk 01:26:21]}
{[%emt 00:00:32]} c4 {[%clk 00:50:22]} {[%emt 00:01:17]} 17. Nf2 {[%clk
01:24:30]} {[%emt 00:02:20]} b5 {[%clk 00:39:29]} {[%emt 00:11:23]} 18. Qe2
{[%clk 01:24:17]} {[%emt 00:00:41]} Re8 {[%clk 00:34:47]} {[%emt 00:05:14]} 19.
Bd2 {[%clk 01:23:45]} {[%emt 00:01:01]} Bb7 {[%clk 00:34:07]} {[%emt 00:01:11]}
20. Ng4 {[%clk 01:22:27]} {[%emt 00:01:48]} h5 {[%clk 00:27:34]} {[%emt
00:07:03]} 21. Ne3 {[%clk 01:11:36]} {[%emt 00:11:21]} Nf5 {[%clk 00:22:14]}
{[%emt 00:05:21]} 22. Qf2 {[%clk 01:11:44]} {[%emt 00:00:21]} Nxe3 {[%clk
00:22:05]} {[%emt 00:01:09]} 23. Rxe3 {[%clk 01:11:59]} {[%emt 00:00:15]} Qd7
{[%clk 00:19:20]} {[%emt 00:03:16]} 24. Rfe1 {[%clk 01:12:03]} {[%emt
00:00:25]} a5 {[%clk 00:17:54]} {[%emt 00:01:56]} 25. Qg2 {[%clk 01:11:19]}
{[%emt 00:01:13]} Rxe3 {[%clk 00:17:55]} {[%emt 00:00:30]} 26. Rxe3 {[%clk
01:11:43]} {[%emt 00:00:06]} b4 {[%clk 00:17:54]} {[%emt 00:00:31]} 27. Qe2
{[%clk 01:11:13]} {[%emt 00:01:00]} Bf6 {[%clk 00:15:44]} {[%emt 00:02:40]} 28.
Kg2 {[%clk 01:11:14]} {[%emt 00:00:28]} Bc6 {[%clk 00:15:20]} {[%emt 00:00:55]}
29. Qe1 {[%clk 01:09:20]} {[%emt 00:02:24]} bxc3 {[%clk 00:12:51]} {[%emt
00:03:00]} 30. Bxc3 {[%clk 01:09:25]} {[%emt 00:00:25]} a4 {[%clk 00:12:39]}
{[%emt 00:00:41]} 31. Qe2 {[%clk 01:07:02]} {[%emt 00:02:50]} Qa7 {[%clk
00:09:20]} {[%emt 00:03:51]} 32. Qd2 {[%clk 01:07:16]} {[%emt 00:00:15]} a3
{[%clk 00:09:02]} {[%emt 00:00:50]} 33. bxa3 {[%clk 01:06:14]} {[%emt
00:01:33]} Qxa3 {[%clk 00:09:25]} {[%emt 00:00:06]} 34. Ba1 {[%clk 01:06:20]}
{[%emt 00:00:23]} Qa7 {[%clk 00:08:19]} {[%emt 00:01:37]} 35. Bc3 {[%clk
01:05:23]} {[%emt 00:01:27]} Ra8 {[%clk 00:07:25]} {[%emt 00:01:25]} 36. Re2
{[%clk 01:05:32]} {[%emt 00:00:21]} Qb6 {[%clk 00:06:52]} {[%emt 00:01:03]} 37.
Qd1 {[%clk 01:05:33]} {[%emt 00:00:28]} Ra3 {[%clk 00:05:35]} {[%emt 00:01:47]}
38. Qc1 {[%clk 01:03:25]} {[%emt 00:02:38]} Qa7 {[%clk 00:05:45]} {[%emt
00:00:20]} 39. Qd2 {[%clk 01:03:35]} {[%emt 00:00:19]} Qa8 {[%clk 00:03:48]}
{[%emt 00:02:28]} 40. Qc2 {[%clk 01:03:12]} {[%emt 00:00:52]} Bd7 {[%clk
00:03:04]} {[%emt 00:01:15]} 41. Qb2 {[%clk 01:02:28]} {[%emt 00:01:09]} Be6
{[%clk 00:22:08]} {[%emt 00:11:32]} 42. Qd2 {[%clk 01:31:38]} {[%emt 00:01:20]}
Kg7 {[%clk 00:20:42]} {[%emt 00:01:55]} 43. Rf2 {[%clk 01:28:43]} {[%emt
00:03:23]} Bf5 {[%clk 00:18:09]} {[%emt 00:03:04]} 44. h4 {[%clk 01:27:20]}
{[%emt 00:01:53]} Bb1 {[%clk 00:12:52]} {[%emt 00:05:48]} 45. Qb2 {[%clk
01:22:09]} {[%emt 00:05:40]} Bxa2 {[%clk 00:10:37]} {[%emt 00:02:45]} 46. Kh2
{[%clk 01:21:12]} {[%emt 00:01:27]} Bb3 {[%clk 00:04:51]} {[%emt 00:06:18]} 47.
Bxd5 {[%clk 01:19:51]} {[%emt 00:01:50]} Qa7 {[%clk 00:05:13]} {[%emt
00:00:07]} 48. Qd2 {[%clk 01:19:24]} {[%emt 00:00:58]} Qd7 {[%clk 00:02:37]}
{[%emt 00:03:06]} 49. Bf3 {[%clk 01:18:08]} {[%emt 00:01:46]} Ba4 {[%clk
00:02:40]} {[%emt 00:00:27]} 50. Kg2 {[%clk 01:11:01]} {[%emt 00:07:36]} Bb5
{[%clk 00:02:15]} {[%emt 00:00:56]} 51. Re2 {[%clk 01:09:34]} {[%emt 00:01:57]}
Rb3 {[%clk 00:02:12]} {[%emt 00:00:32]} 52. Re1 {[%clk 01:05:34]} {[%emt
00:04:30]} Ba6 {[%clk 00:02:24]} {[%emt 00:00:19]} 53. Rd1 {[%clk 01:03:21]}
{[%emt 00:02:42]} Bc8 {[%clk 00:02:38]} {[%emt 00:00:16]} 54. Kf2 {[%clk
01:02:54]} {[%emt 00:00:57]} Qh3 {[%clk 00:02:13]} {[%emt 00:00:56]} 55. Bg2
{[%clk 01:00:50]} {[%emt 00:02:33]} Qf5 {[%clk 00:02:14]} {[%emt 00:00:30]} 56.
Bf3 {[%clk 01:00:53]} {[%emt 00:00:27]} Be6 {[%clk 00:02:08]} {[%emt 00:00:36]}
57. Re1 {[%clk 00:57:15]} {[%emt 00:04:08]} Qb5 {[%clk 00:02:29]} {[%emt
00:00:09]} 58. Rd1 {[%clk 00:55:51]} {[%emt 00:01:54]} Ra3 {[%clk 00:02:09]}
{[%emt 00:00:50]} 59. Be4 {[%clk 00:54:35]} {[%emt 00:01:45]} Qb3 {[%clk
00:02:07]} {[%emt 00:00:33]} 60. Rc1 {[%clk 00:53:38]} {[%emt 00:01:27]} Qb6
{[%clk 00:01:47]} {[%emt 00:00:50]} 61. Ke3 {[%clk 00:52:25]} {[%emt 00:01:43]}
Qa7 {[%clk 00:01:48]} {[%emt 00:00:29]} 62. Rc2 {[%clk 00:48:18]} {[%emt
00:04:37]} Kh7 {[%clk 00:01:38]} {[%emt 00:00:40]} 63. Rc1 {[%clk 00:47:39]}
{[%emt 00:01:08]} Bg4 {[%clk 00:01:46]} {[%emt 00:00:22]} 64. Rb1 {[%clk
00:46:35]} {[%emt 00:01:35]} Bxd4+ {[%clk 00:01:49]} {[%emt 00:00:27]} 65. Qxd4
{[%clk 00:45:23]} {[%emt 00:01:41]} Rxc3+ {[%clk 00:02:13]} {[%emt 00:00:07]}
0-1

[Event "DEM U18w 2024"]
[Site "Willingen GER"]
[Date "2024.05.21"]
[Round "4"]
[White "Hubert, Charlotte"]
[Black "Kanno, Clara Yumi"]
[Result "1-0"]
[Termination "normal"]
[Board "9"]
[WhiteElo "1893"]
[BlackElo "1736"]
[WhiteClock "00:04:20"]
[BlackClock "00:05:30"]
[PlyCount "77"]
[WhiteFideId "16265920"]
[BlackFideId "16259661"]
[EventCountry "GER"]
[EventRounds "9"]
[EventType "swiss"]
[EventDate "2024.05.18"]

1. e4 {[%clk 01:30:56]} {[%emt 00:00:03]} e5 {[%clk 01:30:18]} {[%emt
00:00:43]} 2. Nf3 {[%clk 01:31:20]} {[%emt 00:00:05]} Nf6 {[%clk 01:30:39]}
{[%emt 00:00:10]} 3. d4 {[%clk 01:31:09]} {[%emt 00:00:40]} Nxe4 {[%clk
01:30:54]} {[%emt 00:00:16]} 4. Bd3 {[%clk 01:31:32]} {[%emt 00:00:06]} d5
{[%clk 01:30:54]} {[%emt 00:00:30]} 5. Nxe5 {[%clk 01:31:54]} {[%emt 00:00:08]}
Bd6 {[%clk 01:29:43]} {[%emt 00:01:42]} 6. O-O {[%clk 01:32:13]} {[%emt
00:00:11]} Nd7 {[%clk 01:29:24]} {[%emt 00:00:48]} 7. Re1 {[%clk 01:19:40]}
{[%emt 00:13:03]} O-O {[%clk 01:08:18]} {[%emt 00:21:38]} 8. Nxd7 {[%clk
00:46:28]} {[%emt 00:33:41]} Bxd7 {[%clk 01:06:01]} {[%emt 00:02:47]} 9. Qf3
{[%clk 00:46:18]} {[%emt 00:00:38]} Qh4 {[%clk 00:54:55]} {[%emt 00:11:34]} 10.
g3 {[%clk 00:40:19]} {[%emt 00:06:31]} Bg4 {[%clk 00:48:21]} {[%emt 00:07:05]}
11. Qg2 {[%clk 00:39:32]} {[%emt 00:01:16]} Qf6 {[%clk 00:46:59]} {[%emt
00:01:50]} 12. Bxe4 {[%clk 00:38:03]} {[%emt 00:02:03]} dxe4 {[%clk 00:46:56]}
{[%emt 00:00:33]} 13. Qxe4 {[%clk 00:38:18]} {[%emt 00:00:13]} Bf3 {[%clk
00:46:33]} {[%emt 00:00:55]} 14. Qd3 {[%clk 00:37:28]} {[%emt 00:01:19]} Rfe8
{[%clk 00:43:26]} {[%emt 00:03:38]} 15. Re3 {[%clk 00:35:16]} {[%emt 00:02:41]}
Rxe3 {[%clk 00:39:53]} {[%emt 00:04:03]} 16. Bxe3 {[%clk 00:35:23]} {[%emt
00:00:22]} h5 {[%clk 00:35:53]} {[%emt 00:04:31]} 17. Nd2 {[%clk 00:33:26]}
{[%emt 00:02:27]} Bg4 {[%clk 00:32:53]} {[%emt 00:03:31]} 18. Ne4 {[%clk
00:20:47]} {[%emt 00:13:08]} Qg6 {[%clk 00:30:38]} {[%emt 00:02:45]} 19. Nxd6
{[%clk 00:19:32]} {[%emt 00:01:45]} Qxd3 {[%clk 00:30:49]} {[%emt 00:00:19]}
20. cxd3 {[%clk 00:19:58]} {[%emt 00:00:04]} cxd6 {[%clk 00:31:10]} {[%emt
00:00:09]} 21. Rc1 {[%clk 00:19:27]} {[%emt 00:01:00]} d5 {[%clk 00:30:04]}
{[%emt 00:01:37]} 22. Rc7 {[%clk 00:18:51]} {[%emt 00:01:06]} b6 {[%clk
00:28:38]} {[%emt 00:01:57]} 23. Kg2 {[%clk 00:17:27]} {[%emt 00:01:54]} Bf5
{[%clk 00:25:18]} {[%emt 00:03:50]} 24. Kf3 {[%clk 00:14:15]} {[%emt 00:03:41]}
g6 {[%clk 00:20:54]} {[%emt 00:04:55]} 25. Kf4 {[%clk 00:12:08]} {[%emt
00:02:35]} a6 {[%clk 00:14:29]} {[%emt 00:06:56]} 26. Ke5 {[%clk 00:11:55]}
{[%emt 00:00:43]} Bxd3 {[%clk 00:12:24]} {[%emt 00:02:36]} 27. Kxd5 {[%clk
00:11:14]} {[%emt 00:01:10]} Rd8+ {[%clk 00:11:38]} {[%emt 00:01:16]} 28. Kc6
{[%clk 00:11:23]} {[%emt 00:00:20]} b5 {[%clk 00:11:19]} {[%emt 00:00:51]} 29.
Kb6 {[%clk 00:07:36]} {[%emt 00:04:17]} Rd6+ {[%clk 00:10:55]} {[%emt
00:00:53]} 30. Kc5 {[%clk 00:07:59]} {[%emt 00:00:07]} Rf6 {[%clk 00:10:26]}
{[%emt 00:00:55]} 31. d5 {[%clk 00:06:14]} {[%emt 00:02:19]} Kf8 {[%clk
00:08:25]} {[%emt 00:02:31]} 32. Bd4 {[%clk 00:05:12]} {[%emt 00:01:32]} Rf5
{[%clk 00:08:15]} {[%emt 00:00:40]} 33. Kd6 {[%clk 00:04:13]} {[%emt 00:01:28]}
f6 {[%clk 00:07:26]} {[%emt 00:01:21]} 34. Ke6 {[%clk 00:04:37]} {[%emt
00:00:05]} Bc4 {[%clk 00:07:25]} {[%emt 00:00:32]} 35. Rxc4 {[%clk 00:04:01]}
{[%emt 00:01:05]} bxc4 {[%clk 00:07:25]} {[%emt 00:00:30]} 36. d6 {[%clk
00:04:26]} {[%emt 00:00:04]} Rb5 {[%clk 00:06:07]} {[%emt 00:01:49]} 37. d7
{[%clk 00:04:33]} {[%emt 00:00:23]} Rb8 {[%clk 00:05:11]} {[%emt 00:01:27]} 38.
Bc5+ {[%clk 00:04:57]} {[%emt 00:00:05]} Kg7 {[%clk 00:05:30]} {[%emt
00:00:10]} 39. Bd6 {[%clk 00:04:20]} {[%emt 00:01:07]} 1-0

[Event "DEM U18w 2024"]
[Site "Willingen GER"]
[Date "2024.05.21"]
[Round "4"]
[White "Racky, Selina"]
[Black "Görlach, Hanna"]
[Result "1-0"]
[Termination "normal"]
[Board "10"]
[WhiteElo "1711"]
[BlackElo "1578"]
[WhiteClock "00:32:56"]
[BlackClock "00:01:18"]
[PlyCount "55"]
[WhiteFideId "16239440"]
[BlackFideId "34675604"]
[EventCountry "GER"]
[EventRounds "9"]
[EventType "swiss"]
[EventDate "2024.05.18"]

1. e4 {[%clk 01:30:48]} {[%emt 00:00:11]} c5 {[%clk 01:30:57]} {[%emt
00:00:05]} 2. Nc3 {[%clk 01:31:12]} {[%emt 00:00:05]} Nc6 {[%clk 01:29:40]}
{[%emt 00:01:47]} 3. f4 {[%clk 01:27:01]} {[%emt 00:04:41]} e6 {[%clk
01:14:00]} {[%emt 00:16:10]} 4. Nf3 {[%clk 01:26:49]} {[%emt 00:00:42]} Nge7
{[%clk 01:11:58]} {[%emt 00:02:31]} 5. g3 {[%clk 01:24:03]} {[%emt 00:03:17]}
g6 {[%clk 01:06:44]} {[%emt 00:05:44]} 6. Bg2 {[%clk 01:20:54]} {[%emt
00:03:39]} Bg7 {[%clk 01:06:51]} {[%emt 00:00:23]} 7. O-O {[%clk 01:21:02]}
{[%emt 00:00:22]} O-O {[%clk 01:04:48]} {[%emt 00:02:33]} 8. d3 {[%clk
01:20:40]} {[%emt 00:00:52]} d5 {[%clk 00:56:06]} {[%emt 00:09:13]} 9. h3
{[%clk 01:11:45]} {[%emt 00:09:24]} dxe4 {[%clk 00:46:27]} {[%emt 00:10:10]}
10. Nxe4 {[%clk 01:11:19]} {[%emt 00:00:55]} Qb6 {[%clk 00:38:26]} {[%emt
00:08:30]} 11. Kh2 {[%clk 01:10:22]} {[%emt 00:01:28]} Rd8 {[%clk 00:34:54]}
{[%emt 00:04:02]} 12. c3 {[%clk 01:02:06]} {[%emt 00:08:46]} c4 {[%clk
00:30:28]} {[%emt 00:04:57]} 13. d4 {[%clk 01:00:44]} {[%emt 00:01:51]} Qc7
{[%clk 00:26:41]} {[%emt 00:04:17]} 14. Qe1 {[%clk 00:57:16]} {[%emt 00:03:58]}
f6 {[%clk 00:24:34]} {[%emt 00:02:37]} 15. Qe2 {[%clk 00:52:28]} {[%emt
00:05:17]} b5 {[%clk 00:22:20]} {[%emt 00:02:44]} 16. h4 {[%clk 00:49:52]}
{[%emt 00:03:06]} e5 {[%clk 00:19:36]} {[%emt 00:03:15]} 17. dxe5 {[%clk
00:47:25]} {[%emt 00:02:57]} fxe5 {[%clk 00:19:59]} {[%emt 00:00:06]} 18. fxe5
{[%clk 00:46:25]} {[%emt 00:01:31]} Nxe5 {[%clk 00:18:16]} {[%emt 00:02:13]}
19. Nxe5 {[%clk 00:45:19]} {[%emt 00:01:35]} Bxe5 {[%clk 00:17:08]} {[%emt
00:01:39]} 20. Nf6+ {[%clk 00:40:43]} {[%emt 00:05:05]} Bxf6 {[%clk 00:14:15]}
{[%emt 00:03:24]} 21. Bxa8 {[%clk 00:40:39]} {[%emt 00:00:34]} Qd7 {[%clk
00:07:59]} {[%emt 00:06:45]} 22. Bg2 {[%clk 00:39:11]} {[%emt 00:01:58]} Nf5
{[%clk 00:04:02]} {[%emt 00:04:27]} 23. Bf4 {[%clk 00:35:09]} {[%emt 00:04:32]}
Re8 {[%clk 00:03:59]} {[%emt 00:00:33]} 24. Qf3 {[%clk 00:35:02]} {[%emt
00:00:37]} Qe7 {[%clk 00:03:25]} {[%emt 00:01:05]} 25. Rfe1 {[%clk 00:33:44]}
{[%emt 00:01:47]} Qd8 {[%clk 00:02:31]} {[%emt 00:01:24]} 26. Rad1 {[%clk
00:33:39]} {[%emt 00:00:36]} Bd7 {[%clk 00:02:45]} {[%emt 00:00:17]} 27. Qd5+
{[%clk 00:33:08]} {[%emt 00:00:59]} Kh8 {[%clk 00:01:18]} {[%emt 00:01:57]} 28.
Rxe8+ {[%clk 00:32:56]} {[%emt 00:00:43]} 1-0

[Event "DEM U18w 2024"]
[Site "Willingen GER"]
[Date "2024.05.21"]
[Round "4"]
[White "Stelter, Finja"]
[Black "Schirmer, Sara"]
[Result "1-0"]
[Termination "normal"]
[Board "11"]
[WhiteElo "1637"]
[BlackElo "1638"]
[WhiteClock "00:09:50"]
[BlackClock "00:10:57"]
[PlyCount "57"]
[WhiteFideId "16298624"]
[BlackFideId "16297580"]
[EventCountry "GER"]
[EventRounds "9"]
[EventType "swiss"]
[EventDate "2024.05.18"]

1. e4 {[%clk 01:30:58]} {[%emt 00:00:02]} e5 {[%clk 01:30:55]} {[%emt
00:00:06]} 2. Nf3 {[%clk 01:31:22]} {[%emt 00:00:06]} Nc6 {[%clk 01:31:18]}
{[%emt 00:00:07]} 3. Bc4 {[%clk 01:31:46]} {[%emt 00:00:05]} Bc5 {[%clk
01:30:42]} {[%emt 00:01:06]} 4. O-O {[%clk 01:32:03]} {[%emt 00:00:13]} Nf6
{[%clk 01:31:07]} {[%emt 00:00:06]} 5. d4 {[%clk 01:32:22]} {[%emt 00:00:11]}
exd4 {[%clk 01:26:30]} {[%emt 00:05:07]} 6. e5 {[%clk 01:32:28]} {[%emt
00:00:23]} d5 {[%clk 01:18:29]} {[%emt 00:08:31]} 7. exf6 {[%clk 01:32:33]}
{[%emt 00:00:25]} dxc4 {[%clk 01:18:49]} {[%emt 00:00:10]} 8. fxg7 {[%clk
01:32:45]} {[%emt 00:00:18]} Rg8 {[%clk 01:18:56]} {[%emt 00:00:23]} 9. Bg5
{[%clk 01:33:04]} {[%emt 00:00:12]} Qd5 {[%clk 01:16:02]} {[%emt 00:03:24]} 10.
Nc3 {[%clk 01:31:22]} {[%emt 00:02:12]} Qf5 {[%clk 01:13:19]} {[%emt 00:03:12]}
11. Ne4 {[%clk 01:29:11]} {[%emt 00:02:41]} Rxg7 {[%clk 01:09:43]} {[%emt
00:04:07]} 12. Nh4 {[%clk 01:26:34]} {[%emt 00:03:07]} Qxe4 {[%clk 00:58:04]}
{[%emt 00:12:08]} 13. Re1 {[%clk 01:26:39]} {[%emt 00:00:25]} Qxe1+ {[%clk
00:58:31]} {[%emt 00:00:04]} 14. Qxe1+ {[%clk 01:26:59]} {[%emt 00:00:09]} Be6
{[%clk 00:58:52]} {[%emt 00:00:09]} 15. Bf6 {[%clk 01:23:57]} {[%emt 00:03:32]}
Rg4 {[%clk 00:57:07]} {[%emt 00:02:15]} 16. h3 {[%clk 01:21:06]} {[%emt
00:03:21]} Rg8 {[%clk 00:55:22]} {[%emt 00:02:15]} 17. Qe4 {[%clk 01:15:54]}
{[%emt 00:05:41]} Kd7 {[%clk 00:55:17]} {[%emt 00:00:37]} 18. Rd1 {[%clk
01:08:21]} {[%emt 00:08:02]} h5 {[%clk 00:46:19]} {[%emt 00:09:28]} 19. Bxd4
{[%clk 01:03:59]} {[%emt 00:04:52]} Nxd4 {[%clk 00:46:39]} {[%emt 00:00:10]}
20. c3 {[%clk 01:04:18]} {[%emt 00:00:11]} Rae8 {[%clk 00:45:43]} {[%emt
00:01:26]} 21. Nf5 {[%clk 00:55:34]} {[%emt 00:09:13]} c6 {[%clk 00:42:36]}
{[%emt 00:03:38]} 22. Nxd4 {[%clk 00:34:16]} {[%emt 00:21:48]} Bd5 {[%clk
00:26:50]} {[%emt 00:16:16]} 23. Qf5+ {[%clk 00:29:42]} {[%emt 00:05:04]} Kc7
{[%clk 00:27:13]} {[%emt 00:00:07]} 24. Nf3 {[%clk 00:27:48]} {[%emt 00:02:23]}
Bd6 {[%clk 00:22:24]} {[%emt 00:05:20]} 25. Kf1 {[%clk 00:19:57]} {[%emt
00:08:20]} Re6 {[%clk 00:15:39]} {[%emt 00:07:17]} 26. Rxd5 {[%clk 00:15:44]}
{[%emt 00:04:42]} Re7 {[%clk 00:10:44]} {[%emt 00:05:25]} 27. Rd2 {[%clk
00:14:08]} {[%emt 00:02:04]} Rge8 {[%clk 00:11:04]} {[%emt 00:00:13]} 28. Qa5+
{[%clk 00:10:46]} {[%emt 00:03:52]} Kb8 {[%clk 00:10:57]} {[%emt 00:00:35]} 29.
Rxd6 {[%clk 00:09:50]} {[%emt 00:01:27]} 1-0